000 01283nam a22002297a 4500
999 _c63542
_d63542
003 Ge_BSU
005 20251027202121.0
008 251027s2009 ge ||||| |||| 00| 0 geo d
020 _a9789941409042
041 _ageo
080 _a336.22](479.22) ბ-83
100 _aბოლქვაძე, ბესიკ
_91967
245 _aფისკალურ-მონეტარული კოორდინაცია :
_b (თეორია და პოლიტიკა) /
_cბესიკ ბოლქვაძე; [სამეცნ. რედ. თამარ გამსახურდია].
264 _aბათუმი :
_bშოთა რუსთაველის უნ-ტის გამ-ბა და სტ.,
_c2009.
300 _a52გვ. ;
_b20სმ.
504 _aბიბლიოგრ. ტექსტ. შენიშვნ.
520 _aრეზ. ინგლ.
653 _aსაქართველოს ფინანსები
653 _aფულად-საკრედიტო პოლიტიკა საქართველოში
653 _aსაქართველოს საბიუჯეტო-საგადასახადო პოლიტიკა
942 _2udc
_cᲬᲘᲒᲜᲘ